| Tag |
First Indicator |
Second Indicator |
Subfields |
| LEADER |
00000cas a2200000Ma 4500 |
| 001 |
in00003420521 |
| 005 |
20211202202955.0 |
| 008 |
761210c19uu9999dcudn os f0 a0eng d |
| 022 |
|
|
|a 0145-0239
|l 0145-0239
|
| 035 |
|
|
|a (OCoLC)ocn456103011
|
| 040 |
|
|
|a CFI
|b eng
|c CFI
|d OCLCQ
|d OCLCO
|d GPO
|d MvI
|d UtOrBLW
|
| 043 |
|
|
|a n-us---
|
| 049 |
|
|
|a WWW
|
| 074 |
|
|
|a 0923-A-02 (online)
|
| 086 |
0 |
|
|a T 63.113/2-2:
|
| 245 |
0 |
0 |
|a Daily Treasury statement.
|
| 264 |
|
1 |
|a [Washington, D.C.?] :
|b Dept. of the Treasury.
|
| 310 |
|
|
|a Daily (except Saturdays, Sundays, and holidays)
|
| 336 |
|
|
|a text
|b txt
|2 rdacontent
|
| 337 |
|
|
|a computer
|b c
|2 rdamedia
|
| 338 |
|
|
|a online resource
|b cr
|2 rdacarrier
|
| 500 |
|
|
|a Title from Internet title screen.
|
| 520 |
|
|
|a Cash and debt operations of the United States Treasury.
|
| 538 |
|
|
|a Mode of access: World Wide Web.
|
| 550 |
|
|
|a Vols. for <1979>-19 issued by U.S. Dept. of the Treasury; <1988-> by U.S. Dept. of the Treasury, Financial Management Service.
|
| 500 |
|
|
|a Electronic resource.
|
| 610 |
1 |
0 |
|a United States.
|b Department of the Treasury
|v Periodicals.
|
| 650 |
|
0 |
|a Finance, Public
|z United States
|v Periodicals.
|
| 651 |
|
0 |
|a United States
|x Appropriations and expenditures
|v Periodicals.
|
| 710 |
1 |
|
|a United States.
|b Department of the Treasury.
|b Financial Management Service.
|
| 710 |
1 |
|
|a United States.
|b Department of the Treasury.
|
| 856 |
4 |
0 |
|u https://purl.fdlp.gov/GPO/LPS57705
|t 0
|
| 999 |
|
|
|a MARS
|
| 999 |
f |
f |
|s fe8b3883-8524-3104-932a-b86bab17af30
|i 9ab0be3b-9c3c-3520-a7db-337bf6be1f48
|t 0
|
| 952 |
f |
f |
|a Texas A&M University
|b College Station
|c Electronic Resources
|d Available Online
|t 0
|e T 63.113/2-2:
|h Superintendent of Documents classification
|
| 998 |
f |
f |
|a T 63.113/2-2:
|t 0
|l Available Online
|